Cambio Climático y mercados de carbono: repercusiones para los países en desarrollo /

保存先:
書誌詳細
第一著者: Ludeña, Carlos
その他の著者: Miguel, Carlos de, Schuschny, Andrés
フォーマット: 図書
言語:Spanish
タグ: タグ追加
タグなし, このレコードへの初めてのタグを付けませんか!

MARC

LEADER 00000nam a22000007a 4500
003 cru CIDCACS/IIS
005 20170811152947.0
007 ta
008 170811t2015 mx |||p|r|||| 00| 0 spa d
999 |c 40284  |d 40284 
040 |c cru CIDCACS/IIS 
100 1 |9 5187  |a Ludeña, Carlos 
245 |a Cambio Climático y mercados de carbono:  |b repercusiones para los países en desarrollo /  |c Carlos Ludeña, Carlos de Miguel, Andrés Schuschny 
300 |a páginas 61-85:  |b tablas, gráficos 
700 1 |9 5188  |a Miguel, Carlos de 
700 1 |9 5189  |a Schuschny, Andrés  
773 0 |0 18890  |9 1102  |a Comisión Económica para América Latina y el Caribe  |d Santiago, Chile: Comisión Económica para América Latina y el Caribe  |o 18250  |t Revista de la CEPAL / 
942 |2 ddc  |c PP